000 00536nam a2200169Ia 4500
008 090711s9999 xx 000 0 und d
082 _b68455
100 _aबारी मोहन
245 _aिSाऎाउूSाी लागवड
260 _bसाकेत प्रकाशन
_c1991
300 _a103
600 _aबारी मोहन
630 _aिSाऎाउूSाी लागवड
700 _aबारी मोहन
730 _aिSाऎाउूSाी लागवड
942 _cBOOK
999 _c283782
_d283782